[Event "13. Olimpiada por Equipos de Ajedrecist"]
[Site "Heraklio GRE"]
[Date "2008.10.21"]
[Round "3.11"]
[White "Orvisky, Vladimir"]
[Black "Kuvsinov, Anatolij"]
[Result "0-1"]
[WhiteElo "1400"]
[BlackElo "1979"]
[PlyCount "77"]
[EventDate "2008.10.18"]
[EventType "team-"]
[EventRounds "9"]
[EventCountry "GRE"]
[Source "lmi"]
[SourceDate "2008.10.19"]

1. c4 d6 2. d4 g6 3. g3 Bg7 4. Bg2 Nf6 5. Nc3 O-O 6. Nf3 Nbd7 7. O-O e5 8. Bd2
c6 9. d5 cxd5 10. cxd5 Nc5 11. Qc1 Bd7 12. Bh6 Rc8 13. Bxg7 Kxg7 14. Qe3 Qb6
15. b3 Nxb3 16. Qxb6 axb6 17. axb3 Rxc3 18. Nd2 Bb5 19. Nc4 Bxc4 20. bxc4 Rxc4
21. Rab1 Nd7 22. e4 f5 23. exf5 gxf5 24. Rfc1 Rfc8 25. Rxc4 Rxc4 26. Bh3 Kf6
27. f3 h5 28. Bf1 Rd4 29. Bb5 Ke7 30. Bxd7 Kxd7 31. Rxb6 Kc7 32. Rb5 b6 33. Kg2
Kb7 34. Kh3 Ka6 35. Rb3 b5 36. Ra3+ Kb6 37. Ra8 Kc5 38. Rc8+ Kxd5 39. Kg2 0-1

[Event "13. Olimpiada por Equipos de Ajedrecist"]
[Site "Heraklio GRE"]
[Date "2008.10.21"]
[Round "3.12"]
[White "Krishna, Udupa"]
[Black "Thomsson, Hakan"]
[Result "1-0"]
[WhiteElo "2024"]
[BlackElo "1400"]
[PlyCount "61"]
[EventDate "2008.10.18"]
[EventType "team-"]
[EventRounds "9"]
[EventCountry "GRE"]
[Source "lmi"]
[SourceDate "2008.10.19"]

1. e4 e6 2. b3 d5 3. Bb2 Nf6 4. e5 Nfd7 5. c4 dxc4 6. Bxc4 Nb6 7. Nc3 Nxc4 8.
bxc4 Nd7 9. d4 b6 10. Nf3 Bb7 11. O-O g5 12. d5 Bg7 13. dxe6 fxe6 14. Nd4 Qe7
15. Qh5+ Qf7 16. Nxe6 Bxe5 17. Qxf7+ Kxf7 18. Nxg5+ Kg6 19. Rad1 Nc5 20. f4
Bxf4 21. Rxf4 Kxg5 22. Rf7 Rad8 23. Rdf1 Nd3 24. Ba1 Rhg8 25. Ne2 Kh6 26. Ng3
Bc8 27. Bf6 Rd7 28. Be7 Re8 29. Nf5+ Kg6 30. Rg7+ Kh5 31. Rg5# 1-0

[Event "13. Olimpiada por Equipos de Ajedrecist"]
[Site "Heraklio GRE"]
[Date "2008.10.21"]
[Round "3.12"]
[White "Magnusson, Jorgen"]
[Black "Gadodia, Gaudov"]
[Result "1-0"]
[WhiteElo "2299"]
[BlackElo "1400"]
[PlyCount "41"]
[EventDate "2008.10.18"]
[EventType "team-"]
[EventRounds "9"]
[EventCountry "GRE"]
[Source "lmi"]
[SourceDate "2008.10.19"]

1. c4 e5 2. g3 Nf6 3. Bg2 d5 4. cxd5 Nxd5 5. Nf3 Nc6 6. O-O Be7 7. d4 e4 8. Ne5
Nxe5 9. dxe5 f5 10. exf6 Nxf6 11. Qb3 b6 12. Nc3 Bb7 13. Rd1 Bd6 14. Nxe4 Nxe4
15. Bxe4 Bxe4 16. Qa4+ Qd7 17. Qxe4+ Kf7 18. Qf3+ Kg6 19. Rd4 h6 20. Rg4+ Kh7
21. Qe4+ 1-0

[Event "13. Olimpiada por Equipos de Ajedrecist"]
[Site "Heraklio GRE"]
[Date "2008.10.21"]
[Round "3.13"]
[White "Martins, Androildo"]
[Black "Johansen, Kai Roger"]
[Result "0-1"]
[WhiteElo "1400"]
[BlackElo "2069"]
[PlyCount "54"]
[EventDate "2008.10.18"]
[EventType "team-"]
[EventRounds "9"]
[EventCountry "GRE"]
[Source "lmi"]
[SourceDate "2008.10.19"]

1. e4 c5 2. Nf3 Nc6 3. d4 cxd4 4. Nxd4 Nf6 5. Nc3 d6 6. Be2 g6 7. O-O Bg7 8.
Nb3 O-O 9. Be3 a6 10. a4 Be6 11. Nd2 Qc7 12. Nc4 Nb4 13. Nb6 Rab8 14. a5 Nd7
15. Qd2 Nxb6 16. Bxb6 Qc6 17. Ra3 Rbc8 18. Re1 Bc4 19. Bf3 Be5 20. Nd1 Qb5 21.
b3 Nxc2 22. bxc4 Rxc4 23. Ra2 Nxe1 24. Qxe1 Qb3 25. Qe2 Rfc8 26. g3 Rc1 27. Qd2
Qxf3 0-1

[Event "13. Olimpiada por Equipos de Ajedrecist"]
[Site "Heraklio GRE"]
[Date "2008.10.21"]
[Round "3.13"]
[White "Norum, Per Ivar"]
[Black "Vilas Boas, Crisolon Terto"]
[Result "0-1"]
[WhiteElo "1400"]
[BlackElo "1742"]
[PlyCount "58"]
[EventDate "2008.10.18"]
[EventType "team-"]
[EventRounds "9"]
[EventCountry "GRE"]
[Source "lmi"]
[SourceDate "2008.10.19"]

1. e4 g6 2. g3 Bg7 3. Bg2 c6 4. c4 Nh6 5. Ne2 O-O 6. f4 f5 7. d3 Na6 8. O-O Ng4
9. Na3 d6 10. Nc2 e5 11. h3 Nh6 12. Ne3 exf4 13. gxf4 fxe4 14. dxe4 Nc5 15. Qc2
Qh4 16. Bd2 Bxh3 17. Be1 Qh5 18. Ng3 Qh4 19. Ngf5 Qh5 20. Nxg7 Kxg7 21. b4 Ne6
22. Qc3+ Kg8 23. f5 gxf5 24. Nxf5 Bxf5 25. exf5 Nxf5 26. Rf3 Rf7 27. Rh3 Qg4
28. Bf2 Nf4 29. Rh2 Ne2+ 0-1

[Event "13. Olimpiada por Equipos de Ajedrecist"]
[Site "Heraklio GRE"]
[Date "2008.10.21"]
[Round "3.13"]
[White "Vaz Lucena, Jose"]
[Black "Strand, Magnus"]
[Result "0-1"]
[WhiteElo "1400"]
[BlackElo "1400"]
[PlyCount "72"]
[EventDate "2008.10.18"]
[EventType "team-"]
[EventRounds "9"]
[EventCountry "GRE"]
[Source "lmi"]
[SourceDate "2008.10.19"]

1. d4 e6 2. c4 d5 3. Nf3 c5 4. cxd5 exd5 5. Nc3 Nf6 6. g3 b6 7. Bg2 Bb7 8. O-O
Nc6 9. Bf4 cxd4 10. Nb5 Rc8 11. Nfxd4 Bc5 12. Nxc6 Rxc6 13. Nxa7 Re6 14. Nb5
O-O 15. a3 Bc6 16. Nd4 Bxd4 17. Qxd4 Rxe2 18. Be3 Rc2 19. Qd3 Rxb2 20. Qc3 d4
21. Qxb2 Bxg2 22. Kxg2 dxe3 23. fxe3 Re8 24. Rad1 Qa8+ 25. Kg1 Qc6 26. Qd4 Qe6
27. Rd3 h5 28. Rf4 Ng4 29. e4 Qa2 30. Rd2 Qxa3 31. Qxb6 Qc1+ 32. Rd1 Qxd1+ 33.
Rf1 Qe2 34. Rf2 Nxf2 35. Qxf2 Qxf2+ 36. Kxf2 Rxe4 0-1

[Event "13. Olimpiada por Equipos de Ajedrecist"]
[Site "Heraklio GRE"]
[Date "2008.10.21"]
[Round "3.13"]
[White "Volden, Steinar"]
[Black "Hengles, Roberto Carlos"]
[Result "1/2-1/2"]
[WhiteElo "1976"]
[BlackElo "1400"]
[PlyCount "49"]
[EventDate "2008.10.18"]
[EventType "team-"]
[EventRounds "9"]
[EventCountry "GRE"]
[Source "lmi"]
[SourceDate "2008.10.19"]

1. d4 Nf6 2. Nf3 c5 3. e3 e6 4. c4 d5 5. Nc3 Nc6 6. cxd5 exd5 7. dxc5 Bxc5 8.
Be2 O-O 9. O-O Bb6 10. a3 Bf5 11. Bd3 Bg4 12. h3 Bxf3 13. Qxf3 Ne5 14. Qe2 Nxd3
15. Qxd3 d4 16. exd4 Qxd4 17. Qxd4 Bxd4 18. Nb5 Bb6 19. Be3 Bxe3 20. fxe3 a6
21. Nc3 Rfe8 22. Rfe1 Rad8 23. Rad1 Kf8 24. Kf2 Rc8 25. Rc1 1/2-1/2

[Event "13. Olimpiada por Equipos de Ajedrecist"]
[Site "Heraklio GRE"]
[Date "2008.10.21"]
[Round "3.14"]
[White "Beelaert, Benoit"]
[Black "Isaacs, William Samuel"]
[Result "1-0"]
[WhiteElo "1867"]
[BlackElo "1400"]
[PlyCount "79"]
[EventDate "2008.10.18"]
[EventType "team-"]
[EventRounds "9"]
[EventCountry "GRE"]
[Source "lmi"]
[SourceDate "2008.10.19"]

1. e4 b6 2. d4 Bb7 3. Bd3 e6 4. Nf3 Nf6 5. Nbd2 c5 6. c3 cxd4 7. cxd4 Nc6 8. a3
Rc8 9. O-O Be7 10. Re1 O-O 11. Nf1 h6 12. Bf4 Na5 13. N1d2 Nh5 14. Be3 f5 15.
exf5 exf5 16. Ne5 Qe8 17. Ndc4 d6 18. Nxa5 bxa5 19. Qb3+ Kh7 20. Bb5 Qd8 21.
Nf7 Qc7 22. Rac1 Qb8 23. Qe6 Rxc1 24. Bxc1 Bf6 25. Nxd6 Bxg2 26. Kxg2 f4 27.
Bd3+ g6 28. Bxg6+ Kxg6 29. Qf5+ Kg7 30. Qxh5 Qxd6 31. Re8 f3+ 32. Kg1 Bxd4 33.
Bxh6+ Qxh6 34. Qxh6+ Kxh6 35. Rxf8 Bxb2 36. a4 a6 37. Ra8 Bc3 38. Rxa6+ Kh5 39.
Rc6 Bb4 40. Re6 1-0

[Event "13. Olimpiada por Equipos de Ajedrecist"]
[Site "Heraklio GRE"]
[Date "2008.10.21"]
[Round "3.14"]
[White "Vosloo, Cicel Johannes"]
[Black "Van Gysel, Marc"]
[Result "1/2-1/2"]
[WhiteElo "1400"]
[BlackElo "1400"]
[PlyCount "125"]
[EventDate "2008.10.18"]
[EventType "team-"]
[EventRounds "9"]
[EventCountry "GRE"]
[Source "lmi"]
[SourceDate "2008.10.19"]

1. d4 Nf6 2. Nf3 e6 3. Nbd2 d5 4. e3 Be7 5. Bd3 b6 6. O-O Bb7 7. c3 O-O 8. Re1
c5 9. e4 dxe4 10. Nxe4 cxd4 11. Nxf6+ Bxf6 12. cxd4 Nd7 13. h4 Bxf3 14. Qxf3
Bxh4 15. Qh3 g6 16. Re4 Be7 17. Bh6 Re8 18. Rae1 Bf8 19. R1e3 Bxh6 20. Qxh6 Nf8
21. Rg4 Qf6 22. Rf3 Qg7 23. Qf4 Rad8 24. Qc7 f5 25. Qxg7+ Kxg7 26. Rh4 Rd6 27.
Re3 Red8 28. Bc4 Rxd4 29. Rxd4 Rxd4 30. b3 Kf6 31. f3 e5 32. a4 Nd7 33. Re1 Nc5
34. Ra1 e4 35. fxe4 fxe4 36. Kf2 Ke5 37. g4 Kf4 38. Rh1 Rd2+ 39. Ke1 Rd7 40.
Rf1+ Kxg4 41. b4 Nd3+ 42. Ke2 Rd4 43. Rg1+ Kf4 44. Rf1+ Ke5 45. Bxd3 Rxd3 46.
Rf7 Rb3 47. b5 g5 48. Rxh7 g4 49. Rxa7 g3 50. Kf1 Rf3+ 51. Kg2 Kf4 52. Rf7+ Ke3
53. Rb7 Kf4 54. Rxb6 Rf2+ 55. Kg1 e3 56. Rf6+ Ke4 57. Re6+ Kf3 58. Rf6+ Ke2 59.
Rg6 g2 60. b6 Kf3 61. Rf6+ Kg3 62. Rg6+ Kh3 63. Rh6+ 1/2-1/2

[Event "13. Olimpiada por Equipos de Ajedrecist"]
[Site "Heraklio GRE"]
[Date "2008.10.21"]
[Round "3.15"]
[White "Bremer, Erik"]
[Black "Fratini, Mauro"]
[Result "1/2-1/2"]
[WhiteElo "1400"]
[BlackElo "1940"]
[PlyCount "70"]
[EventDate "2008.10.18"]
[EventType "team-"]
[EventRounds "9"]
[EventCountry "GRE"]
[Source "lmi"]
[SourceDate "2008.10.19"]

1. e4 Nf6 2. Nc3 d5 3. exd5 Nxd5 4. Nxd5 Qxd5 5. Nf3 Bf5 6. d3 e6 7. Be2 Nd7 8.
O-O Be7 9. c4 Qd6 10. d4 c6 11. Be3 Bf6 12. Rc1 O-O 13. b3 Rfd8 14. Nd2 c5 15.
Nf3 Qc7 16. Qe1 a5 17. Rd1 Be7 18. d5 a4 19. Qd2 exd5 20. Qxd5 Be6 21. Qd3 Nf6
22. Qc2 axb3 23. axb3 g6 24. Rxd8+ Rxd8 25. Rd1 Ra8 26. Qb2 Ng4 27. Bd2 Bf6 28.
Bc3 Bxc3 29. Qxc3 Qa5 30. Qxa5 Rxa5 31. h3 Nf6 32. Ne5 Ra2 33. Bf3 Ra3 34. Bxb7
Rxb3 35. Bc6 Rb2 1/2-1/2

[Event "13. Olimpiada por Equipos de Ajedrecist"]
[Site "Heraklio GRE"]
[Date "2008.10.21"]
[Round "3.15"]
[White "Damiani, Lorenzo"]
[Black "Pouslen, Kjeld Porsdal"]
[Result "1/2-1/2"]
[WhiteElo "1400"]
[BlackElo "1400"]
[PlyCount "58"]
[EventDate "2008.10.18"]
[EventType "team-"]
[EventRounds "9"]
[EventCountry "GRE"]
[Source "lmi"]
[SourceDate "2008.10.19"]

1. d4 d5 2. c4 e6 3. Nc3 Nf6 4. Bg5 a6 5. cxd5 exd5 6. Bxf6 Qxf6 7. Nxd5 Qd6 8.
e4 Be6 9. Nc3 b5 10. a3 c6 11. Nf3 Bg4 12. Be2 Be7 13. O-O O-O 14. Rc1 Nd7 15.
e5 Qh6 16. Ne4 Rac8 17. Re1 Nb6 18. Nfd2 Bxe2 19. Qxe2 Nd5 20. g3 Qg6 21. Qf3
f5 22. exf6 Bxf6 23. Nxf6+ Rxf6 24. Qg2 Rcf8 25. Ne4 Re6 26. Re2 Qh6 27. Rce1
Rg6 28. Qf1 Nf4 29. Rc2 Nh3+ 1/2-1/2

[Event "13. Olimpiada por Equipos de Ajedrecist"]
[Site "Heraklio GRE"]
[Date "2008.10.21"]
[Round "3.15"]
[White "Hansen, Arne Mandrup"]
[Black "Poli, Diego"]
[Result "1/2-1/2"]
[WhiteElo "1400"]
[BlackElo "1400"]
[PlyCount "66"]
[EventDate "2008.10.18"]
[EventType "team-"]
[EventRounds "9"]
[EventCountry "GRE"]
[Source "lmi"]
[SourceDate "2008.10.19"]

1. d4 d5 2. Bf4 Bf5 3. e3 c6 4. Nf3 Qb6 5. Qc1 e6 6. Nbd2 Nf6 7. Be2 Nbd7 8. h3
Ne4 9. c3 Nxd2 10. Nxd2 c5 11. O-O Rc8 12. Nf3 Be7 13. Ne5 Nxe5 14. Bxe5 f6 15.
Bh2 h5 16. Qd2 g5 17. g4 hxg4 18. hxg4 Bg6 19. f3 Kf7 20. Rf2 Rh7 21. f4 gxf4
22. Bxf4 Be4 23. Rh2 Rch8 24. Rf1 Bd6 25. Rff2 Qc7 26. Rxh7+ Rxh7 27. Rh2 Rxh2
28. Kxh2 e5 29. dxe5 Bxe5 30. Kg3 Ke6 31. Bf3 Bxf4+ 32. exf4 Bxf3 33. Kxf3 Qc6
1/2-1/2

[Event "13. Olimpiada por Equipos de Ajedrecist"]
[Site "Heraklio GRE"]
[Date "2008.10.21"]
[Round "3.16"]
[White "Bolliger, Willi"]
[Black "Koumtzis, Sotiris"]
[Result "1-0"]
[WhiteElo "1400"]
[BlackElo "1400"]
[PlyCount "49"]
[EventDate "2008.10.18"]
[EventType "team-"]
[EventRounds "9"]
[EventCountry "GRE"]
[Source "lmi"]
[SourceDate "2008.10.19"]

1. e4 e5 2. Nf3 Nc6 3. Bb5 a6 4. Ba4 Nf6 5. O-O Nxe4 6. Re1 Nc5 7. Bxc6 dxc6 8.
Nxe5 Be7 9. d4 Ne6 10. c3 O-O 11. Be3 Ng5 12. Nd2 Qd5 13. Nef3 Bg4 14. Bxg5
Bxg5 15. Re5 Qd8 16. Qc2 Qf6 17. Nxg5 Qg6 18. Qxg6 fxg6 19. Rae1 Bd7 20. Ndf3
Rae8 21. R1e3 h6 22. Ne4 Rxe5 23. dxe5 Re8 24. Nc5 Rd8 25. Rd3 1-0

[Event "13. Olimpiada por Equipos de Ajedrecist"]
[Site "Heraklio GRE"]
[Date "2008.10.21"]
[Round "3.16"]
[White "Doulgeridis, Spyridon"]
[Black "Burge, Adrian"]
[Result "1/2-1/2"]
[WhiteElo "1400"]
[BlackElo "1400"]
[PlyCount "44"]
[EventDate "2008.10.18"]
[EventType "team-"]
[EventRounds "9"]
[EventCountry "GRE"]
[Source "lmi"]
[SourceDate "2008.10.19"]

1. d4 Nf6 2. c4 e5 3. d5 Bb4+ 4. Bd2 Qe7 5. a3 Bxd2+ 6. Qxd2 d6 7. Nc3 Bf5 8.
e3 Nbd7 9. Bd3 Bxd3 10. Qxd3 Nc5 11. Qc2 O-O 12. e4 Qd7 13. Nge2 Rae8 14. f3
Nh5 15. g4 Nf4 16. Nxf4 exf4 17. b4 Na6 18. Qa4 Qxa4 19. Nxa4 f5 20. Nc3 fxg4
21. fxg4 c6 22. Kf2 cxd5 1/2-1/2

[Event "13. Olimpiada por Equipos de Ajedrecist"]
[Site "Heraklio GRE"]
[Date "2008.10.21"]
[Round "3.16"]
[White "Studer, Werner"]
[Black "Samiakos, Thanasis"]
[Result "1/2-1/2"]
[WhiteElo "1400"]
[BlackElo "1400"]
[PlyCount "57"]
[EventDate "2008.10.18"]
[EventType "team-"]
[EventRounds "9"]
[EventCountry "GRE"]
[Source "lmi"]
[SourceDate "2008.10.19"]

1. e4 g6 2. Nf3 Nf6 3. Nc3 Bg7 4. Bc4 O-O 5. O-O d6 6. h3 e5 7. d3 Re8 8. Bb3
Nc6 9. Re1 Nd4 10. Nxd4 exd4 11. Ne2 Nh5 12. Nf4 Nxf4 13. Bxf4 Be6 14. Bd2 Bxb3
15. axb3 a6 16. c3 Qd7 17. b4 b5 18. Rc1 c5 19. b3 f5 20. Qf3 Qf7 21. exf5 Qxf5
22. Qxf5 Rxe1+ 23. Bxe1 gxf5 24. c4 bxc4 25. bxc4 Kf7 26. f3 Ke6 27. Bd2 cxb4
28. Bxb4 a5 29. Ba3 1/2-1/2

[Event "13. Olimpiada por Equipos de Ajedrecist"]
[Site "Heraklio GRE"]
[Date "2008.10.21"]
[Round "3.17"]
[White "Dimopoulos, Anestis"]
[Black "Gok, Nevzat"]
[Result "1-0"]
[WhiteElo "1400"]
[BlackElo "1400"]
[PlyCount "67"]
[EventDate "2008.10.18"]
[EventType "team-"]
[EventRounds "9"]
[EventCountry "GRE"]
[Source "lmi"]
[SourceDate "2008.10.19"]

1. e4 e6 2. d4 d5 3. exd5 exd5 4. Nc3 g6 5. Bd3 Nc6 6. Be3 Bg7 7. Nge2 Nf6 8.
O-O O-O 9. h3 Re8 10. Qd2 Nb4 11. Bb5 c6 12. Ba4 b5 13. Bb3 a5 14. a4 Ne4 15.
Qe1 Nxc3 16. Qxc3 Bb7 17. Qd2 Rc8 18. Nc3 Qd7 19. Ne2 c5 20. c3 c4 21. Bd1 Nd3
22. axb5 Qxb5 23. Ba4 Qxb2 24. Qxb2 Nxb2 25. Bxe8 Rxe8 26. Rfb1 Bc6 27. Rxb2 a4
28. Rb6 Rc8 29. Rab1 a3 30. Nc1 Bf8 31. Rb8 Rc7 32. Bf4 Rd7 33. R1b6 Ra7 34.
Bd6 1-0

[Event "13. Olimpiada por Equipos de Ajedrecist"]
[Site "Heraklio GRE"]
[Date "2008.10.22"]
[Round "4.1"]
[White "Krylov, Sergey"]
[Black "Pohlers, Juergen"]
[Result "1-0"]
[WhiteElo "2388"]
[BlackElo "2112"]
[PlyCount "107"]
[EventDate "2008.10.18"]
[EventType "team-"]
[EventRounds "9"]
[EventCountry "GRE"]
[Source "lmi"]
[SourceDate "2008.10.19"]

1. e4 c5 2. Nf3 Nc6 3. c3 d5 4. exd5 Qxd5 5. d4 Bg4 6. Be2 e6 7. Be3 cxd4 8.
cxd4 Bb4+ 9. Nc3 Nf6 10. O-O Bxc3 11. bxc3 O-O 12. h3 Bxf3 13. Bxf3 Qc4 14. Qb3
Qxb3 15. axb3 Nd5 16. c4 Nxe3 17. fxe3 a5 18. Ra4 Rfb8 19. Rfa1 Kf8 20. Kf2 Ra6
21. Bxc6 bxc6 22. b4 Ke7 23. Rxa5 Rab6 24. Ra7+ Kf6 25. Rc7 Rxb4 26. Raa7 Rb2+
27. Kf3 Rf8 28. Rxc6 h5 29. h4 Rb1 30. c5 Rfb8 31. Rcc7 Rf8 32. Rcb7 Rc1 33.
Rb2 g5 34. hxg5+ Kxg5 35. Raa2 f5 36. Rc2 Rf1+ 37. Ke2 Rb1 38. Ra6 Re8 39. c6
Rbb8 40. Kf3 Re7 41. c7 Rc8 42. Rac6 Rd7 43. R2c5 h4 44. Kf2 Rh7 45. e4 Kf4 46.
exf5 h3 47. gxh3 Rxh3 48. Rxe6 Rh2+ 49. Ke1 Rh7 50. f6 Rhxc7 51. Rxc7 Rxc7 52.
Re7 Rc6 53. f7 Rf6 54. Ke2 1-0

[Event "13. Olimpiada por Equipos de Ajedrecist"]
[Site "Heraklio GRE"]
[Date "2008.10.22"]
[Round "4.1"]
[White "Meshkov, Yuri A"]
[Black "Mueller, Oliver"]
[Result "0-1"]
[WhiteElo "2400"]
[BlackElo "2292"]
[PlyCount "72"]
[EventDate "2008.10.18"]
[EventType "team-"]
[EventRounds "9"]
[EventCountry "GRE"]
[Source "lmi"]
[SourceDate "2008.10.19"]

1. c4 e5 2. g3 Nc6 3. Bg2 Nf6 4. Nc3 Bb4 5. e4 Bxc3 6. bxc3 d6 7. Ne2 Bg4 8. h3
Be6 9. d3 Nd7 10. O-O Ne7 11. f4 f6 12. Kh2 Bf7 13. a4 a5 14. Be3 b6 15. Ng1
Rb8 16. Nf3 c6 17. Nd2 Qc7 18. d4 O-O 19. Qe2 Rbe8 20. Qd3 Rd8 21. Rfc1 h6 22.
Qe2 f5 23. fxe5 dxe5 24. Rf1 Bg6 25. dxe5 fxe4 26. Bf4 Nc5 27. Nxe4 Bxe4 28. e6
Rxf4 29. Rxf4 Bxg2 30. Kxg2 Rd6 31. Qh5 Nxe6 32. Qf7+ Kh8 33. Rg4 Ng5 34. Rxg5
hxg5 35. Re1 Rd2+ 36. Kh1 Qd7 0-1

[Event "13. Olimpiada por Equipos de Ajedrecist"]
[Site "Heraklio GRE"]
[Date "2008.10.22"]
[Round "4.2"]
[White "Baloha, Mykhailo"]
[Black "Hilton, Stephen H"]
[Result "1/2-1/2"]
[WhiteElo "2170"]
[BlackElo "1907"]
[PlyCount "50"]
[EventDate "2008.10.18"]
[EventType "team-"]
[EventRounds "9"]
[EventCountry "GRE"]
[Source "lmi"]
[SourceDate "2008.10.19"]

1. e4 Nf6 2. e5 Nd5 3. Nc3 Nxc3 4. bxc3 d5 5. d4 Bf5 6. Rb1 b6 7. Nf3 e6 8. Be3
Be7 9. Be2 O-O 10. O-O Nd7 11. h3 c5 12. Bd3 Bxd3 13. Qxd3 Rc8 14. Nd2 Qc7 15.
Rfc1 cxd4 16. cxd4 Qd8 17. c4 dxc4 18. Nxc4 Nb8 19. Qe4 Qd7 20. Rc2 Qc7 21.
Rbc1 Na6 22. Rc3 Nb4 23. Qb1 Nd5 24. R3c2 Nb4 25. Rc3 Nd5 1/2-1/2

[Event "13. Olimpiada por Equipos de Ajedrecist"]
[Site "Heraklio GRE"]
[Date "2008.10.22"]
[Round "4.2"]
[White "Crouch, Colin S"]
[Black "Grigorchuk, Sergey"]
[Result "1-0"]
[WhiteElo "2359"]
[BlackElo "2244"]
[PlyCount "73"]
[EventDate "2008.10.18"]
[EventType "team-"]
[EventRounds "9"]
[EventCountry "GRE"]
[Source "lmi"]
[SourceDate "2008.10.19"]

1. d4 Nf6 2. Nf3 e6 3. c4 b6 4. g3 Ba6 5. Qc2 Bb7 6. Bg2 c5 7. d5 exd5 8. cxd5
Bxd5 9. Nc3 Bxf3 10. Bxf3 Nc6 11. Bg2 Be7 12. O-O O-O 13. Rd1 Qc8 14. Bg5 Re8
15. Qd2 Rb8 16. Nb5 Qd8 17. Bf4 Rc8 18. Bd6 Nd4 19. Nxd4 Bxd6 20. Nb5 Be5 21.
Nxa7 Rb8 22. Nb5 d5 23. f4 Bc7 24. Bxd5 Nxd5 25. Qxd5 Rxe2 26. Qf3 Rd2 27. Rxd2
Qxd2 28. Nxc7 Qxb2 29. Re1 Qxa2 30. Qc6 h6 31. Nd5 Kh7 32. Nxb6 Rd8 33. Qe4+
Kh8 34. Qa4 Qb2 35. Re8+ Rxe8 36. Qxe8+ Kh7 37. Qe4+ 1-0

[Event "13. Olimpiada por Equipos de Ajedrecist"]
[Site "Heraklio GRE"]
[Date "2008.10.22"]
[Round "4.2"]
[White "Lilley, Graham"]
[Black "Zsiltzova-Lisenko, Lubov"]
[Result "0-1"]
[WhiteElo "2115"]
[BlackElo "2265"]
[PlyCount "102"]
[EventDate "2008.10.18"]
[EventType "team-"]
[EventRounds "9"]
[EventCountry "GRE"]
[Source "lmi"]
[SourceDate "2008.10.19"]

1. c4 c5 2. Nf3 Nc6 3. Nc3 g6 4. g3 Bg7 5. Bg2 Nf6 6. O-O O-O 7. d4 cxd4 8.
Nxd4 Nxd4 9. Qxd4 d6 10. Qd3 Qa5 11. e4 Be6 12. Bd2 Qh5 13. f3 Qc5+ 14. Be3
Qxc4 15. Qd2 Rfc8 16. Rfc1 Qb4 17. a3 Qa5 18. b4 Qd8 19. Nb5 a6 20. Nd4 Bc4 21.
Rc3 e5 22. Nb3 d5 23. Na5 b5 24. Bg5 Qb6+ 25. Kh1 d4 26. Rc2 Rc7 27. Rac1 Qe6
28. h4 Ne8 29. Kh2 f6 30. Bh6 Qf7 31. Bxg7 Kxg7 32. f4 Rac8 33. fxe5 fxe5 34.
Bh3 Be6 35. Bxe6 Qxe6 36. Nb7 Rxc2 37. Rxc2 Rxc2 38. Qxc2 Qc4 39. Qd2 Nf6 40.
Nc5 Ng4+ 41. Kh3 Ne3 42. Qf2 h5 43. Qf3 a5 44. Qf2 axb4 45. axb4 Ng4 46. Qf3
Qa2 47. Qg2 Qf7 48. Qe2 Qc4 49. Qf3 d3 50. Qg2 Ne3 51. Qf3 d2 0-1

[Event "13. Olimpiada por Equipos de Ajedrecist"]
[Site "Heraklio GRE"]
[Date "2008.10.22"]
[Round "4.3"]
[White "Dukaczewski, Piotr"]
[Black "Kocovski, Ivan"]
[Result "1-0"]
[WhiteElo "2338"]
[BlackElo "2266"]
[PlyCount "71"]
[EventDate "2008.10.18"]
[EventType "team-"]
[EventRounds "9"]
[EventCountry "GRE"]
[Source "lmi"]
[SourceDate "2008.10.19"]

1. e4 c5 2. Nf3 Nc6 3. d4 cxd4 4. Nxd4 Qb6 5. Nb3 Nf6 6. Nc3 e6 7. Be3 Qc7 8.
f4 d6 9. Qf3 a6 10. g4 b5 11. g5 Nd7 12. O-O-O Bb7 13. h4 Rc8 14. Bd3 Nb4 15.
Kb1 d5 16. Rc1 Nc5 17. f5 Nxb3 18. axb3 e5 19. Na2 Nxa2 20. Kxa2 Qa5+ 21. Kb1
d4 22. Bf2 Bb4 23. f6 g6 24. Qg3 Qc7 25. h5 Bd2 26. hxg6 fxg6 27. Rcf1 Kd7 28.
Qg4+ Kc6 29. Bg3 Rcf8 30. Rh6 Bc8 31. Qh4 Rf7 32. Rxg6 hxg6 33. Qxh8 Bxg5 34.
Qe8+ Qd7 35. Qxe5 Be3 36. b4 1-0

[Event "13. Olimpiada por Equipos de Ajedrecist"]
[Site "Heraklio GRE"]
[Date "2008.10.22"]
[Round "4.3"]
[White "Irimia, Mihai"]
[Black "Kalik, Jan"]
[Result "1/2-1/2"]
[WhiteElo "2022"]
[BlackElo "1998"]
[PlyCount "38"]
[EventDate "2008.10.18"]
[EventType "team-"]
[EventRounds "9"]
[EventCountry "GRE"]
[Source "lmi"]
[SourceDate "2008.10.19"]

1. d4 d5 2. Nf3 Nf6 3. c4 e6 4. Nc3 Be7 5. Bg5 Nbd7 6. e3 c6 7. Bd3 dxc4 8.
Bxc4 O-O 9. O-O h6 10. Bh4 Nd5 11. Bxe7 Qxe7 12. e4 N5b6 13. Bb3 e5 14. a4 exd4
15. Nxd4 Nc5 16. a5 Nbd7 17. Nf5 Qf6 18. Bc2 Ne5 19. f4 Nc4 1/2-1/2

[Event "13. Olimpiada por Equipos de Ajedrecist"]
[Site "Heraklio GRE"]
[Date "2008.10.22"]
[Round "4.3"]
[White "Trkaljanov, Vladimir"]
[Black "Gunajew, Rafal"]
[Result "1-0"]
[WhiteElo "2239"]
[BlackElo "2233"]
[PlyCount "43"]
[EventDate "2008.10.18"]
[EventType "team-"]
[EventRounds "9"]
[EventCountry "GRE"]
[Source "lmi"]
[SourceDate "2008.10.19"]

1. e4 c6 2. d4 d5 3. e5 Bf5 4. Nc3 h5 5. Bd3 Bxd3 6. Qxd3 e6 7. Nge2 Nh6 8. Bd2
Nd7 9. h3 c5 10. Nf4 Qb6 11. dxc5 Bxc5 12. O-O g6 13. Ncxd5 exd5 14. e6 fxe6
15. Qxg6+ Nf7 16. Nxe6 Nde5 17. Qf5 Be7 18. Rfe1 Rg8 19. Rxe5 Nxe5 20. Qxe5 Kd7
21. Qxd5+ Qd6 22. Nc5+ 1-0

[Event "13. Olimpiada por Equipos de Ajedrecist"]
[Site "Heraklio GRE"]
[Date "2008.10.22"]
[Round "4.5"]
[White "Berggren, Patrik"]
[Black "Vela Ignacio, Jose Manuel"]
[Result "0-1"]
[WhiteElo "1925"]
[BlackElo "2103"]
[PlyCount "76"]
[EventDate "2008.10.18"]
[EventType "team-"]
[EventRounds "9"]
[EventCountry "GRE"]
[Source "lmi"]
[SourceDate "2008.10.19"]

1. e4 e6 2. d4 d5 3. e5 c5 4. c3 Nc6 5. Nf3 Bd7 6. Be2 f6 7. exf6 Nxf6 8. O-O
Qc7 9. b3 Bd6 10. Bb2 O-O-O 11. Na3 a6 12. c4 cxd4 13. cxd5 Nxd5 14. Nc4 e5 15.
Ng5 Rdf8 16. Bf3 Nf6 17. Bxc6 bxc6 18. f4 c5 19. fxe5 Bxe5 20. Nf3 Bf4 21. Ba3
Ng4 22. Bc1 Bxc1 23. Rxc1 Rxf3 24. Rxf3 Qxh2+ 25. Kf1 Qh1+ 26. Ke2 Qxg2+ 27.
Kd3 Nf2+ 28. Rxf2 Qxf2 29. Nb6+ Kd8 30. Nxd7 Qf5+ 31. Kc4 Kxd7 32. Qh1 Rb8 33.
Qd5+ Qxd5+ 34. Kxd5 Rc8 35. Rh1 h6 36. Rg1 g5 37. Rf1 Ke7 38. Rh1 d3 0-1